El origen de la vida

সংরক্ষণ করুন:
গ্রন্থ-পঞ্জীর বিবরন
প্রধান লেখক: Leourier, Christian (Author)
বিন্যাস: গ্রন্থ
ভাষা:স্প্যানিশ
প্রকাশিত: Madrid Ediciones Istmo 1970
মালা:Colección Fundamentos, 10
বিষয়গুলি:
ট্যাগগুলো: ট্যাগ যুক্ত করুন
কোনো ট্যাগ নেই, প্রথমজন হিসাবে ট্যাগ করুন!

MARC

LEADER 00000cam a2200000 a 4500
001 UCF6956
003 CL-VaPUC
008 130530e19700000SP |||||||||||||||||spa|d
082 0 4 |a 577  |b LEO  |2 21 
100 0 |a Leourier, Christian  |e author  |9 568924 
245 1 3 |a El origen de la vida 
300 |a 167 p 
942 |c BK 
945 |d 20130530 00:00:00  |a dcastane 
260 |a Madrid  |b Ediciones Istmo  |c 1970 
650 0 |a Origen de la vida  |9 262152 
650 0 |a Evolución  |9 259442 
583 |a last modification  |c 20130530 09:49:00  |k Rodrigo Vera 
490 0 |a Colección Fundamentos, 10 
999 |c 351939  |d 351937